Most Populous Cities in the Middle East - Statistics

General Stats
  • This quiz has been taken 49 times
  • The average score is 10 of 15
Answer Stats
Population Country City % Correct
7,734,614 Egypt Cairo
100%
14,804,116 Turkey Istanbul
100%
7,216,000 Iraq Baghdad
98%
4,205,961 Saudi Arabia Riyadh
98%
7,153,309 Iran Tehran
98%
3,517,182 Turkey Ankara
96%
3,811,516 Egypt Alexandria
94%
2,867,446 Saudi Arabic Jeddah
87%
1,937,451 Yemen Sana'a
87%
2,500,603 Turkey İzmir
79%
2,443,203 Egypt Giza
51%
2,307,177 Iran Mashhad
38%
2,600,000 Iraq Basrah
19%
2,015,483 Iraq Al Basrah al Qadimah
0%
2,065,597 Iraq Al Mawsil al Jadidah
0%
No matching quizzes found
Score Distribution
Percent of People with Each Score
Percentile by Number Answered
Your Score History
You have not taken this quiz